[Event "Brasil 72ch"]
[Site "Guarulhos BRA"]
[Date "2005.12.14"]
[Round "4.6"]
[White "Milos Jr, Gilberto"]
[Black "Mekhitarian, Krikor Sevag"]
[Result "1-0"]
[WhiteElo "2620"]
[BlackElo "2280"]
[PlyCount "81"]
[EventDate "2005.12.12"]
[EventType "tourn"]
[EventRounds "11"]
[EventCountry "BRA"]
[EventCategory "6"]
[Source "lmi"]
[SourceDate "2005.12.21"]

1. e4 c5 2. Nf3 d6 3. d4 cxd4 4. Nxd4 Nf6 5. Nc3 a6 6. Be2 e5 7. Nb3 Be7 8. Be3
O-O 9. g4 Be6 10. g5 Nfd7 11. h4 Nb6 12. Nd5 N8d7 13. Qd3 Bxd5 14. exd5 Rc8 15.
Nd2 f5 16. gxf6 Nxf6 17. c4 Na4 18. Qa3 b5 19. cxb5 axb5 20. Bxb5 Nb6 21. Qa5
Nbxd5 22. Qxd8 Bxd8 23. Bg5 Rc2 24. Ba4 Rc8 25. Bb3 Kh8 26. Rd1 Bb6 27. O-O h6
28. Bxf6 Nxf6 29. Nc4 Bd4 30. Nxd6 Rb8 31. Rd2 Nh5 32. Re1 Rf4 33. Nf7+ Kh7 34.
Nxe5 Rbf8 35. Bc2+ Kg8 36. Bb3+ Kh7 37. Bd1 Kg8 38. Bxh5 Bxf2+ 39. Rxf2 Rxf2
40. Ng6 R8f6 41. Re8+ 1-0

[Event "Brasil 72ch"]
[Site "Guarulhos BRA"]
[Date "2005.12.15"]
[Round "5.1"]
[White "Mekhitarian, Krikor Sevag"]
[Black "Disconzi da Silva, Rodrigo"]
[Result "1/2-1/2"]
[WhiteElo "2280"]
[BlackElo "2389"]
[PlyCount "43"]
[EventDate "2005.12.12"]
[EventType "tourn"]
[EventRounds "11"]
[EventCountry "BRA"]
[EventCategory "6"]
[Source "lmi"]
[SourceDate "2005.12.21"]

1. e4 c5 2. Nf3 e6 3. d4 cxd4 4. Nxd4 Nf6 5. Nc3 d6 6. Be2 Be7 7. O-O O-O 8.
Be3 Nc6 9. Kh1 a6 10. a4 Bd7 11. Nb3 b6 12. f4 Qc7 13. Bf3 Rab8 14. g4 Bc8 15.
g5 Nd7 16. Bg2 Re8 17. Qh5 g6 18. Qh4 Nb4 19. f5 Ne5 20. Nd4 Bf8 21. Rad1 Bg7
22. f6 1/2-1/2

[Event "Brasil 72ch"]
[Site "Guarulhos BRA"]
[Date "2005.12.15"]
[Round "5.2"]
[White "Lima, Darcy Gustavo"]
[Black "Milos Jr, Gilberto"]
[Result "1/2-1/2"]
[WhiteElo "2529"]
[BlackElo "2620"]
[PlyCount "39"]
[EventDate "2005.12.12"]
[EventType "tourn"]
[EventRounds "11"]
[EventCountry "BRA"]
[EventCategory "6"]
[Source "lmi"]
[SourceDate "2005.12.21"]

1. e4 c5 2. Nf3 e6 3. c4 Nc6 4. Nc3 Nf6 5. Be2 d5 6. e5 Nd7 7. cxd5 exd5 8.
Nxd5 Ndxe5 9. Nxe5 Qxd5 10. Nxc6 Qxc6 11. O-O Be7 12. d4 cxd4 13. Qxd4 O-O 14.
Bf3 Bf6 15. Qb4 Qb6 16. a3 Rd8 17. Be3 Qxb4 18. axb4 Bxb2 19. Rxa7 Rxa7 20.
Bxa7 1/2-1/2

[Event "Brasil 72ch"]
[Site "Guarulhos BRA"]
[Date "2005.12.15"]
[Round "5.5"]
[White "Coelho, Luis Henrique"]
[Black "Matsuura, Everaldo"]
[Result "0-1"]
[WhiteElo "2412"]
[BlackElo "2453"]
[PlyCount "86"]
[EventDate "2005.12.12"]
[EventType "tourn"]
[EventRounds "11"]
[EventCountry "BRA"]
[EventCategory "6"]
[Source "lmi"]
[SourceDate "2005.12.21"]

1. d4 Nf6 2. c4 d6 3. Nc3 e5 4. Nf3 Nbd7 5. e4 Be7 6. Be2 O-O 7. O-O c6 8. Qc2
Qc7 9. Rd1 Re8 10. Be3 Ng4 11. Bd2 Bf8 12. Rac1 a5 13. b3 Qb8 14. h3 exd4 15.
Nxd4 Ngf6 16. Be3 Nc5 17. Bf3 Qc7 18. Bg5 Nfd7 19. g3 Ne6 20. Be3 Nxd4 21. Bxd4
Nc5 22. Bg2 Be6 23. f4 Rad8 24. Qf2 Qb8 25. g4 Bc8 26. Rd2 b5 27. Bxc5 dxc5 28.
e5 Qb6 29. Rxd8 Rxd8 30. cxb5 cxb5 31. Nd5 Qb8 32. Rd1 Bb7 33. Qd2 Qa8 34. g5
c4 35. bxc4 bxc4 36. Nf6+ gxf6 37. Qxd8 Bxg2 38. Qxa8 Bxa8 39. Rd8 Be4 40. exf6
c3 41. Rc8 c2 42. Kf2 Bf5 43. Rc7 Ba3 0-1

[Event "Brasil 72ch"]
[Site "Guarulhos BRA"]
[Date "2005.12.15"]
[Round "5.6"]
[White "Cavalcanti, Francisco"]
[Black "Santos, Marcus Vinicius"]
[Result "1/2-1/2"]
[WhiteElo "2270"]
[BlackElo "2353"]
[PlyCount "40"]
[EventDate "2005.12.12"]
[EventType "tourn"]
[EventRounds "11"]
[EventCountry "BRA"]
[EventCategory "6"]
[Source "lmi"]
[SourceDate "2005.12.21"]

1. Nf3 d5 2. c4 d4 3. g3 c5 4. Bg2 Nc6 5. O-O e5 6. d3 f6 7. Na3 Bg4 8. Nc2 Bd6
9. a3 a5 10. b3 f5 11. h3 Bh5 12. Nh4 Nge7 13. Rb1 O-O 14. Bf3 Bxf3 15. exf3
Qd7 16. Qe2 Rab8 17. Bd2 b5 18. Ng2 Rb6 19. f4 e4 20. dxe4 fxe4 1/2-1/2

[Event "Brasil 72ch"]
[Site "Guarulhos BRA"]
[Date "2005.12.16"]
[Round "6.1"]
[White "Disconzi da Silva, Rodrigo"]
[Black "Santos, Marcus Vinicius"]
[Result "1/2-1/2"]
[WhiteElo "2389"]
[BlackElo "2353"]
[PlyCount "106"]
[EventDate "2005.12.12"]
[EventType "tourn"]
[EventRounds "11"]
[EventCountry "BRA"]
[EventCategory "6"]
[Source "lmi"]
[SourceDate "2005.12.21"]

1. d4 d5 2. c4 e6 3. Nc3 c5 4. cxd5 exd5 5. Nf3 Nc6 6. g3 Nf6 7. Bg2 Be7 8. O-O
O-O 9. Bg5 cxd4 10. Nxd4 h6 11. Be3 Bg4 12. Qa4 Na5 13. Rad1 Nc4 14. Bc1 Nb6
15. Qb3 Rc8 16. h3 Bd7 17. Bf4 Rc4 18. a3 a5 19. Rd3 a4 20. Qa2 Qc8 21. Kh2 Ne4
22. Nxe4 dxe4 23. Bxe4 Bxh3 24. Rfd1 Bc5 25. Be3 Be7 26. Bf3 Bd7 27. b3 Rc5 28.
b4 Rc4 29. Qd2 Bf6 30. Qe1 Re8 31. Qh1 Rc7 32. Bf4 Be5 33. Bxe5 Rxe5 34. b5 Re8
35. Rb1 Bg4 36. Bxg4 Qxg4 37. Qf3 Qg6 38. Nf5 Nc4 39. Qf4 Qh5+ 40. Kg2 Qxe2 41.
Rd4 Ne5 42. Re4 Ng6 43. Rxe8+ Qxe8 44. Qxc7 Qe4+ 45. Kh2 Qxb1 46. Nd6 Qa2 47.
Kg1 Qd5 48. b6 Ne5 49. Nxb7 Nf3+ 50. Kf1 Qd1+ 51. Kg2 Ne1+ 52. Kf1 Nf3+ 53. Kg2
Ne1+ 1/2-1/2

[Event "Brasil 72ch"]
[Site "Guarulhos BRA"]
[Date "2005.12.16"]
[Round "6.2"]
[White "Matsuura, Everaldo"]
[Black "Cavalcanti, Francisco"]
[Result "1-0"]
[WhiteElo "2453"]
[BlackElo "2270"]
[PlyCount "80"]
[EventDate "2005.12.12"]
[EventType "tourn"]
[EventRounds "11"]
[EventCountry "BRA"]
[EventCategory "6"]
[Source "lmi"]
[SourceDate "2005.12.21"]

1. e4 e5 2. Nf3 Nc6 3. Bb5 Nf6 4. d3 d6 5. c3 Be7 6. O-O O-O 7. Re1 a6 8. Ba4
Re8 9. Nbd2 Bf8 10. Nf1 h6 11. Ng3 g6 12. d4 b5 13. Bc2 Bb7 14. a3 Bg7 15. h3
Qe7 16. d5 Na5 17. Nd2 Bc8 18. b4 Nb7 19. a4 Bd7 20. axb5 axb5 21. Bb2 c6 22.
c4 c5 23. Bc3 h5 24. Bd3 h4 25. Ne2 Rxa1 26. Qxa1 bxc4 27. Bxc4 Bh6 28. Bd3
cxb4 29. Bxb4 Nc5 30. Bxc5 Bxd2 31. Rd1 Bg5 32. Bb4 Rb8 33. Bc3 Ne8 34. Qa7 Qd8
35. Ba5 Qc8 36. Ba6 Qc2 37. Nc3 Bd8 38. Bd3 Qb3 39. Rb1 Qa3 40. Rxb8 Bxa5 1-0

[Event "Brasil 72ch"]
[Site "Guarulhos BRA"]
[Date "2005.12.16"]
[Round "6.4"]
[White "Fier, Alexandr Hilario"]
[Black "Chemin, Vitorio"]
[Result "1-0"]
[WhiteElo "2443"]
[BlackElo "2294"]
[PlyCount "111"]
[EventDate "2005.12.12"]
[EventType "tourn"]
[EventRounds "11"]
[EventCountry "BRA"]
[EventCategory "6"]
[Source "lmi"]
[SourceDate "2005.12.21"]

1. e4 c5 2. Nf3 Nc6 3. d4 cxd4 4. Nxd4 Nf6 5. Nc3 d6 6. Bc4 e6 7. Be3 a6 8. Qe2
Qc7 9. O-O-O Be7 10. Bb3 Na5 11. g4 b5 12. g5 Nd7 13. Bxe6 fxe6 14. Nxe6 Qc4
15. Nxg7+ Kf7 16. Nf5 Qxe2 17. Nxe2 Nc4 18. Bd4 Bxg5+ 19. f4 Bf6 20. b3 Na5 21.
Nxd6+ Kf8 22. e5 Be7 23. Bc3 Nb7 24. Nxc8 Rxc8 25. Rxd7 Nc5 26. Ra7 Ne4 27. Kb2
Rg8 28. f5 Rg2 29. f6 Bc5 30. Rxh7 Nxc3 31. Rh8+ Rg8 32. Rxg8+ Kxg8 33. Kxc3
Re8 34. f7+ Kxf7 35. Rf1+ Ke6 36. Nf4+ Kd7 37. Nd3 Be7 38. Kd4 Rh8 39. Rf2 Kc6
40. Ke4 Rh4+ 41. Kf5 Kd5 42. Nf4+ Kd4 43. Rd2+ Kc3 44. Re2 Ba3 45. e6 Bd6 46.
e7 Bxe7 47. Nd5+ Kb2 48. c4+ Ka3 49. cxb5 Bc5 50. bxa6 Rh5+ 51. Ke4 Rh6 52. Nc7
Kb4 53. Rc2 Bb6 54. Rc4+ Ka3 55. a7 Bxa7 56. Ra4+ 1-0

[Event "Brasil 72ch"]
[Site "Guarulhos BRA"]
[Date "2005.12.16"]
[Round "6.5"]
[White "Milos Jr, Gilberto"]
[Black "Di Berardino, Diego Rafael"]
[Result "1-0"]
[WhiteElo "2620"]
[BlackElo "2312"]
[PlyCount "51"]
[EventDate "2005.12.12"]
[EventType "tourn"]
[EventRounds "11"]
[EventCountry "BRA"]
[EventCategory "6"]
[Source "lmi"]
[SourceDate "2005.12.21"]

1. e4 c5 2. Nf3 d6 3. d4 cxd4 4. Nxd4 Nf6 5. Nc3 a6 6. Be2 e5 7. Nb3 Be7 8. Be3
O-O 9. g4 Be6 10. g5 Nfd7 11. h4 Nb6 12. Qd2 N8d7 13. O-O-O Rc8 14. h5 f5 15.
exf5 Bxf5 16. g6 h6 17. f4 d5 18. fxe5 Nxe5 19. Bxb6 Qxb6 20. Qxd5+ Qe6 21.
Qxb7 Nc6 22. Bd3 Nb4 23. Kb1 Nxd3 24. cxd3 Rfd8 25. Rde1 Rxd3 26. Ka1 1-0

[Event "Brasil 72ch"]
[Site "Guarulhos BRA"]
[Date "2005.12.16"]
[Round "6.6"]
[White "Mekhitarian, Krikor Sevag"]
[Black "Lima, Darcy Gustavo"]
[Result "0-1"]
[WhiteElo "2280"]
[BlackElo "2529"]
[PlyCount "82"]
[EventDate "2005.12.12"]
[EventType "tourn"]
[EventRounds "11"]
[EventCountry "BRA"]
[EventCategory "6"]
[Source "lmi"]
[SourceDate "2005.12.21"]

1. e4 e5 2. Nf3 Nc6 3. Bb5 Nf6 4. O-O Nxe4 5. d4 Nd6 6. dxe5 Nxb5 7. a4 d6 8.
e6 fxe6 9. axb5 Ne7 10. Bg5 h6 11. Bh4 e5 12. Nc3 Bf5 13. Nd5 Be4 14. Nc3 Bf5
15. Nd5 Be6 16. c4 Bxd5 17. cxd5 Qd7 18. Re1 g5 19. Nd4 Nxd5 20. Qb3 Qf7 21. b6
Nxb6 22. Qb5+ c6 23. Rxe5+ Be7 24. Nxc6 bxc6 25. Qxc6+ Kf8 26. Re3 Rc8 27. Qe4
gxh4 28. Rxa7 Rc1+ 29. Re1 Rxe1+ 30. Qxe1 Nd5 31. b4 Kg7 32. Qa1+ Qf6 33. Qd1
Rc8 34. Qg4+ Qg6 35. Qd4+ Kh7 36. h3 Rc1+ 37. Kh2 Qf5 38. Qxh4 Qe5+ 39. f4 Qe3
40. Rb7 Qg1+ 41. Kg3 Qe1+ 0-1

[Event "Brasil 72ch"]
[Site "Guarulhos BRA"]
[Date "2005.12.17"]
[Round "7.1"]
[White "Lima, Darcy Gustavo"]
[Black "Disconzi da Silva, Rodrigo"]
[Result "0-1"]
[WhiteElo "2529"]
[BlackElo "2389"]
[PlyCount "64"]
[EventDate "2005.12.12"]
[EventType "tourn"]
[EventRounds "11"]
[EventCountry "BRA"]
[EventCategory "6"]
[Source "lmi"]
[SourceDate "2005.12.21"]

1. e4 c5 2. Nc3 Nc6 3. g3 g6 4. Bg2 Bg7 5. d3 d6 6. f4 e5 7. Nf3 Nge7 8. O-O
Nd4 9. Be3 O-O 10. Qd2 Bg4 11. Nh4 exf4 12. Bxf4 Qb6 13. Rab1 Rae8 14. Rf2 Be6
15. b3 Qd8 16. Rbf1 b5 17. a3 Qd7 18. Bh6 Nec6 19. Nf5 Bxh6 20. Qxh6 f6 21.
Nxd4 Nxd4 22. Rxf6 Rxf6 23. Rxf6 b4 24. axb4 cxb4 25. Nd5 Bxd5 26. exd5 Re1+
27. Bf1 Qe7 28. Rf2 Nf5 29. Qd2 a5 30. g4 Nd4 31. Qf4 Ne2+ 32. Rxe2 Qxe2 0-1

[Event "Brasil 72ch"]
[Site "Guarulhos BRA"]
[Date "2005.12.17"]
[Round "7.2"]
[White "Di Berardino, Diego Rafael"]
[Black "Mekhitarian, Krikor Sevag"]
[Result "1-0"]
[WhiteElo "2312"]
[BlackElo "2280"]
[PlyCount "67"]
[EventDate "2005.12.12"]
[EventType "tourn"]
[EventRounds "11"]
[EventCountry "BRA"]
[EventCategory "6"]
[Source "lmi"]
[SourceDate "2005.12.21"]

1. e4 c5 2. Nf3 d6 3. d4 cxd4 4. Nxd4 Nf6 5. Nc3 a6 6. f4 e5 7. Nf3 Nbd7 8. Bd3
Be7 9. O-O O-O 10. a4 exf4 11. Kh1 Nh5 12. Nd5 Nc5 13. Nxf4 Nxf4 14. Bxf4 Bd7
15. c3 b5 16. axb5 axb5 17. Bc2 Bc6 18. Qe2 Ne6 19. Bg3 Qb6 20. Rad1 b4 21. c4
b3 22. Bb1 Qc5 23. e5 Bxf3 24. Rxf3 dxe5 25. Bxe5 Rad8 26. Rdf1 Nd4 27. Rg3 g6
28. Qh5 Bf6 29. Rxf6 Ne2 30. Rfxg6+ fxg6 31. Rxg6+ Kf7 32. Rf6+ Ke7 33. Qxh7+
Ke8 34. Re6+ 1-0

[Event "Brasil 72ch"]
[Site "Guarulhos BRA"]
[Date "2005.12.17"]
[Round "7.3"]
[White "Chemin, Vitorio"]
[Black "Milos Jr, Gilberto"]
[Result "1/2-1/2"]
[WhiteElo "2294"]
[BlackElo "2620"]
[PlyCount "154"]
[EventDate "2005.12.12"]
[EventType "tourn"]
[EventRounds "11"]
[EventCountry "BRA"]
[EventCategory "6"]
[Source "lmi"]
[SourceDate "2005.12.21"]

1. d4 Nf6 2. Nf3 e6 3. e3 c5 4. c4 cxd4 5. exd4 d5 6. Nc3 Bb4 7. cxd5 Nxd5 8.
Bd2 O-O 9. Bd3 Nc6 10. O-O Be7 11. a3 Bf6 12. Bc1 g6 13. Bh6 Re8 14. Be4 Nxc3
15. bxc3 Bd7 16. Rb1 Na5 17. Ne5 Bxe5 18. dxe5 Bc6 19. Qg4 Bxe4 20. Qxe4 Rc8
21. Rfd1 Qe7 22. Qf4 Rc4 23. Rxb7 Nxb7 24. Qxc4 Nc5 25. h3 Rc8 26. Be3 Qf8 27.
Qh4 h5 28. g4 Kh7 29. gxh5 g5 30. Qc4 Qe7 31. Rd6 Qc7 32. Bxg5 Qb7 33. Rd4 Qb1+
34. Kg2 Qf5 35. Bf4 Ne4 36. Qd3 Qxf4 37. Rxe4 Qf5 38. Re3 Kh6 39. Qxf5 exf5 40.
Kf3 Rc4 41. e6 fxe6 42. Rxe6+ Kxh5 43. Ra6 Kg5 44. Rxa7 Rxc3+ 45. Kg2 Rc6 46.
Ra4 Rc3 47. h4+ Kh5 48. f3 f4 49. Rxf4 Rxa3 50. Kg3 Ra1 51. Rg4 Ra5 52. Rg8 Rb5
53. Rh8+ Kg6 54. Kg4 Rb1 55. h5+ Kf6 56. Rc8 Kg7 57. Rc7+ Kh6 58. Rc6+ Kg7 59.
f4 Rg1+ 60. Kf5 Ra1 61. h6+ Kh7 62. Kg5 Rg1+ 63. Kf5 Ra1 64. Re6 Ra2 65. Kg5
Rg2+ 66. Kf6 Kxh6 67. Kf7+ Kh7 68. f5 Ra2 69. f6 Ra8 70. Re8 Ra7+ 71. Re7 Ra8
72. Rb7 Kh6 73. Ke6 Kg6 74. Rg7+ Kh6 75. Rg2 Ra6+ 76. Ke5 Ra5+ 77. Kd4 Rf5
1/2-1/2

[Event "Brasil 72ch"]
[Site "Guarulhos BRA"]
[Date "2005.12.17"]
[Round "7.4"]
[White "Coelho, Luis Henrique"]
[Black "Fier, Alexandr Hilario"]
[Result "0-1"]
[WhiteElo "2412"]
[BlackElo "2443"]
[PlyCount "150"]
[EventDate "2005.12.12"]
[EventType "tourn"]
[EventRounds "11"]
[EventCountry "BRA"]
[EventCategory "6"]
[Source "lmi"]
[SourceDate "2005.12.21"]

1. d4 Nf6 2. c4 e6 3. Nc3 Bb4 4. Qc2 O-O 5. a3 Bxc3+ 6. Qxc3 b6 7. Bg5 Bb7 8.
f3 d5 9. e3 Nbd7 10. cxd5 exd5 11. Bd3 h6 12. Bh4 Re8 13. Ne2 a5 14. O-O Ba6
15. Bxa6 Rxa6 16. Qd3 Ra8 17. Nc3 c6 18. a4 Nf8 19. Rfd1 Ng6 20. Bf2 Qd7 21.
Rab1 Qd6 22. Ne2 Qb4 23. b3 Rac8 24. Rdc1 Qd6 25. Ng3 c5 26. Nf5 Qe6 27. Rc3
Ne4 28. fxe4 dxe4 29. Qb5 Qxf5 30. dxc5 bxc5 31. Bg3 Red8 32. Rf1 Qg5 33. Qxa5
Rd3 34. Rxd3 exd3 35. Qd2 Qd5 36. Qc3 Re8 37. Bf2 Rb8 38. e4 Qxe4 39. Bg3 Rd8
40. Rd1 Qe2 41. Qd2 Qe6 42. Qc3 Qe3+ 43. Bf2 Qe4 44. Re1 Qb7 45. Bxc5 Nh4 46.
Qd2 Qxb3 47. Be7 Rd4 48. Bxh4 Rxh4 49. Qf2 Qxa4 50. Re3 Qa1+ 51. Re1 Qd4 52.
Re8+ Kh7 53. Re3 Rf4 54. Qd2 Re4 55. Kf2 Rxe3 56. Qxe3 Qd5 57. Ke1 f5 58. g3
Qc4 59. Kd2 Qc2+ 60. Ke1 Qxh2 61. Qxd3 Qh5 62. Kf2 Qg4 63. Qe3 h5 64. Qe7 Qd4+
65. Kf3 Kh6 66. Qe6+ g6 67. Qe7 Qd3+ 68. Kf2 Qc2+ 69. Kf3 Qe4+ 70. Qxe4 fxe4+
71. Kf4 e3 72. Kxe3 Kg5 73. Kf3 Kf5 74. Kg2 Kg4 75. Kf2 Kh3 0-1

[Event "Brasil 72ch"]
[Site "Guarulhos BRA"]
[Date "2005.12.17"]
[Round "7.6"]
[White "Santos, Marcus Vinicius"]
[Black "Matsuura, Everaldo"]
[Result "1/2-1/2"]
[WhiteElo "2353"]
[BlackElo "2453"]
[PlyCount "25"]
[EventDate "2005.12.12"]
[EventType "tourn"]
[EventRounds "11"]
[EventCountry "BRA"]
[EventCategory "6"]
[Source "lmi"]
[SourceDate "2005.12.21"]

1. d4 d5 2. c4 dxc4 3. e4 Nc6 4. Be3 e5 5. d5 Nce7 6. Bxc4 Ng6 7. Nc3 Nf6 8.
Nf3 a6 9. O-O Bd6 10. Be2 Ng4 11. Bg5 f6 12. Bd2 O-O 13. Ne1 1/2-1/2

[Event "Brasil 72ch"]
[Site "Guarulhos BRA"]
[Date "2005.12.17"]
[Round "8.1"]
[White "Disconzi da Silva, Rodrigo"]
[Black "Matsuura, Everaldo"]
[Result "1/2-1/2"]
[WhiteElo "2389"]
[BlackElo "2453"]
[PlyCount "23"]
[EventDate "2005.12.12"]
[EventType "tourn"]
[EventRounds "11"]
[EventCountry "BRA"]
[EventCategory "6"]
[Source "lmi"]
[SourceDate "2005.12.21"]

1. d4 d5 2. c4 c6 3. Nc3 Nf6 4. e3 e6 5. Bd2 Nbd7 6. Rc1 dxc4 7. Bxc4 Bd6 8.
Nf3 O-O 9. O-O e5 10. Bb3 Qe7 11. Bc2 Re8 12. h3 1/2-1/2

[Event "Brasil 72ch"]
[Site "Guarulhos BRA"]
[Date "2005.12.17"]
[Round "8.3"]
[White "Fier, Alexandr Hilario"]
[Black "Cavalcanti, Francisco"]
[Result "1/2-1/2"]
[WhiteElo "2443"]
[BlackElo "2270"]
[PlyCount "83"]
[EventDate "2005.12.12"]
[EventType "tourn"]
[EventRounds "11"]
[EventCountry "BRA"]
[EventCategory "6"]
[Source "lmi"]
[SourceDate "2005.12.21"]

1. e4 e5 2. f4 d5 3. exd5 c6 4. Nc3 exf4 5. Nf3 Bd6 6. Bc4 Ne7 7. dxc6 Nbxc6 8.
d4 O-O 9. O-O Bg4 10. Ne2 Rc8 11. Bb3 Ng6 12. c3 Re8 13. Bc2 Nh4 14. Rf2 Re3
15. Qf1 Nb4 16. Bb1 Nd5 17. Bd2 Qe7 18. Nc1 Re8 19. Kh1 b5 20. a4 a6 21. axb5
axb5 22. Ra5 Rxf3 23. gxf3 Ne3 24. Qxb5 Nxf3 25. Ra7 Qf8 26. Ba2 Re7 27. Rxe7
Qxe7 28. Qc6 Nxd2 29. Qa8+ Qf8 30. Qxf8+ Kxf8 31. Rxd2 Bf5 32. Kg1 Be4 33. Nd3
g5 34. Ne5 f5 35. c4 Bb4 36. Re2 Nc2 37. Bb1 Nxd4 38. Rxe4 fxe4 39. Bxe4 h5 40.
c5 Ke7 41. c6 Bd6 42. Nf3 1/2-1/2

[Event "Brasil 72ch"]
[Site "Guarulhos BRA"]
[Date "2005.12.17"]
[Round "8.4"]
[White "Milos Jr, Gilberto"]
[Black "Coelho, Luis Henrique"]
[Result "1/2-1/2"]
[WhiteElo "2620"]
[BlackElo "2412"]
[PlyCount "57"]
[EventDate "2005.12.12"]
[EventType "tourn"]
[EventRounds "11"]
[EventCountry "BRA"]
[EventCategory "6"]
[Source "lmi"]
[SourceDate "2005.12.21"]

1. e4 e5 2. Nf3 Nf6 3. Nxe5 d6 4. Nf3 Nxe4 5. d4 d5 6. Bd3 Nc6 7. Bf4 Be7 8.
Nbd2 Bf5 9. Nf1 g5 10. Be3 Bg6 11. Bb5 Qd6 12. c3 O-O 13. h4 g4 14. N3d2 h5 15.
Nxe4 Bxe4 16. f3 gxf3 17. gxf3 Bg6 18. Qd2 Qf6 19. Kf2 Kh7 20. Ng3 Bd6 21. Bg5
Bxg3+ 22. Kxg3 Qf5 23. Bf1 Qd7 24. Kf2 f6 25. Bf4 Rf7 26. Bg3 Ne7 27. Re1 Bf5
28. Bd3 Rg8 29. Rhg1 1/2-1/2

[Event "Brasil 72ch"]
[Site "Guarulhos BRA"]
[Date "2005.12.17"]
[Round "8.5"]
[White "Mekhitarian, Krikor Sevag"]
[Black "Chemin, Vitorio"]
[Result "0-1"]
[WhiteElo "2280"]
[BlackElo "2294"]
[PlyCount "160"]
[EventDate "2005.12.12"]
[EventType "tourn"]
[EventRounds "11"]
[EventCountry "BRA"]
[EventCategory "6"]
[Source "lmi"]
[SourceDate "2005.12.21"]

1. e4 c5 2. Nf3 Nc6 3. Nc3 d6 4. d4 cxd4 5. Nxd4 Nf6 6. Bc4 Qb6 7. Nxc6 bxc6 8.
O-O e6 9. Bb3 Be7 10. Re1 O-O 11. Na4 Qc7 12. c4 e5 13. c5 d5 14. exd5 cxd5 15.
Bxd5 Nxd5 16. Qxd5 Bb7 17. Qc4 Qc6 18. f3 Ba6 19. Qe4 Bb5 20. Nc3 Bxc5+ 21. Be3
Qxe4 22. Nxe4 Bb4 23. Red1 a6 24. Bc5 Bxc5+ 25. Nxc5 Rac8 26. Rac1 a5 27. Nb7
a4 28. Rxc8 Rxc8 29. Nd6 Rd8 30. Rc1 Bd7 31. Nb7 Rb8 32. Nc5 Bb5 33. Kf2 f5 34.
Re1 Bc6 35. b3 axb3 36. axb3 e4 37. fxe4 fxe4 38. Ke3 Ra8 39. Re2 Rb8 40. Kd4
Rd8+ 41. Kc3 Re8 42. g3 Kf7 43. b4 Kf6 44. Kc4 Ke5 45. b5 Bd5+ 46. Kb4 Re7 47.
Re1 g5 48. h4 gxh4 49. gxh4 Rg7 50. Nd3+ Kd6 51. Nf2 Ke5 52. Nd3+ Kd6 53. Nf2
Re7 54. Ng4 Rg7 55. Ne3 Ke5 56. Rf1 Bb7 57. Nc4+ Ke6 58. Kc5 Rg4 59. Nd6 Bd5
60. Ne8 Rg2 61. Nc7+ Ke5 62. Rf8 Rc2+ 63. Kb6 Bc4 64. Ka5 Rb2 65. b6 e3 66.
Re8+ Kd4 67. Ne6+ Kc3 68. Nc5 Rb5+ 69. Ka4 Rxb6 70. Ne4+ Kd3 71. Ka5 Rb5+ 72.
Ka4 Rd5 73. Kb4 Rd4 74. Nc5+ Kd2 75. Ne4+ Rxe4 76. Rxe4 Bd3 77. Re5 e2 78. Kc5
e1=Q 79. Rxe1 Kxe1 80. Kd4 Ke2 0-1

[Event "Brasil 72ch"]
[Site "Guarulhos BRA"]
[Date "2005.12.17"]
[Round "8.6"]
[White "Lima, Darcy Gustavo"]
[Black "Di Berardino, Diego Rafael"]
[Result "1/2-1/2"]
[WhiteElo "2529"]
[BlackElo "2312"]
[PlyCount "72"]
[EventDate "2005.12.12"]
[EventType "tourn"]
[EventRounds "11"]
[EventCountry "BRA"]
[EventCategory "6"]
[Source "lmi"]
[SourceDate "2005.12.21"]

1. d4 Nf6 2. g3 g6 3. Bg2 Bg7 4. e4 d6 5. Ne2 O-O 6. Nbc3 c5 7. dxc5 dxc5 8.
Qxd8 Rxd8 9. e5 Ne8 10. f4 Na6 11. Be3 Rb8 12. Nd5 Kf8 13. O-O-O b6 14. Ndc3
Bf5 15. a3 Nec7 16. h3 h5 17. Rxd8+ Rxd8 18. Bf3 Nb8 19. g4 hxg4 20. hxg4 Bd7
21. Rd1 Ke8 22. Ne4 Bc6 23. Rh1 Kf8 24. Rh3 Ba8 25. c4 Nc6 26. Kc2 Ne6 27. g5
Ncd4+ 28. Bxd4 Nxd4+ 29. Nxd4 Bxe4+ 30. Bxe4 Rxd4 31. Re3 Rxc4+ 32. Kd3 Rd4+
33. Ke2 e6 34. b3 Ke8 35. Bc6+ Kd8 36. Rd3 Bf8 1/2-1/2

[Event "Brasil 72ch"]
[Site "Guarulhos BRA"]
[Date "2005.12.18"]
[Round "9.1"]
[White "Di Berardino, Diego Rafael"]
[Black "Disconzi da Silva, Rodrigo"]
[Result "1-0"]
[WhiteElo "2312"]
[BlackElo "2389"]
[PlyCount "107"]
[EventDate "2005.12.12"]
[EventType "tourn"]
[EventRounds "11"]
[EventCountry "BRA"]
[EventCategory "6"]
[Source "lmi"]
[SourceDate "2005.12.21"]

1. e4 c5 2. Nf3 d6 3. d4 cxd4 4. Nxd4 Nf6 5. Nc3 Nc6 6. Bg5 e6 7. Qd2 Be7 8.
O-O-O O-O 9. f4 h6 10. Bh4 e5 11. Nf5 Bxf5 12. exf5 exf4 13. Kb1 d5 14. Bxf6
Bxf6 15. Nxd5 Be5 16. Bc4 b5 17. Bb3 a5 18. c3 Qg5 19. g3 fxg3 20. Qxg5 hxg5
21. hxg3 a4 22. Bc2 Rfd8 23. f6 gxf6 24. Bf5 Rab8 25. a3 Rd6 26. Rh3 Rxd5 27.
Rxd5 Ne7 28. Bh7+ Kg7 29. Rd7 g4 30. Rh4 f5 31. Rxe7 Bf6 32. Bxf5 Bxh4 33. Re3
Kf6 34. Bxg4 Rg8 35. Be2 Bxg3 36. Bxb5 Rg4 37. Rf3+ Ke6 38. c4 Be5 39. Bxa4
Rg1+ 40. Ka2 Rg2 41. Rb3 Bd4 42. Bc6 Rf2 43. Bd5+ Kd6 44. a4 f5 45. a5 Re2 46.
Rb7 f4 47. a6 Re7 48. Rxe7 Kxe7 49. b4 Ba7 50. c5 Kd7 51. Kb3 Kc7 52. Kc4 Bb8
53. b5 Ba7 54. Bf3 1-0

[Event "Brasil 72ch"]
[Site "Guarulhos BRA"]
[Date "2005.12.18"]
[Round "9.2"]
[White "Chemin, Vitorio"]
[Black "Lima, Darcy Gustavo"]
[Result "0-1"]
[WhiteElo "2294"]
[BlackElo "2529"]
[PlyCount "94"]
[EventDate "2005.12.12"]
[EventType "tourn"]
[EventRounds "11"]
[EventCountry "BRA"]
[EventCategory "6"]
[Source "lmi"]
[SourceDate "2005.12.21"]

1. c4 e5 2. Nc3 Nc6 3. e3 Nf6 4. d4 Bb4 5. a3 Bxc3+ 6. bxc3 d6 7. Nf3 O-O 8.
Be2 Qe7 9. O-O b6 10. a4 Na5 11. c5 bxc5 12. Ba3 Bf5 13. c4 cxd4 14. exd4 c5
15. dxe5 dxe5 16. Qd2 Nb3 17. Qe3 Nxa1 18. Bxc5 Nc2 19. Bxe7 Nxe3 20. fxe3 Rfe8
21. Bd6 Rad8 22. c5 Ne4 23. Bc7 Rc8 24. Bb5 Rf8 25. Bxe5 Rxc5 26. Bd4 Rc7 27.
Ne5 Be6 28. Nc6 a6 29. Be5 axb5 30. Bxc7 bxa4 31. Ra1 Ra8 32. Na5 Bd7 33. Rd1
Be8 34. Rd4 f5 35. g4 a3 36. Rd3 Rc8 37. Bb6 a2 38. Nb3 fxg4 39. Rd8 Rxd8 40.
Bxd8 Kf7 41. Bb6 Ba4 42. Na1 Ke6 43. Kg2 g5 44. h3 gxh3+ 45. Kxh3 h5 46. Bd8
Kf5 47. Be7 Bd1 0-1